Voetbalclub bij stad - Statistieken

Algemene statistieken
  • Deze quiz is 145 keer genomen
  • De gemiddelde score is 21 van 32
Antwoordstatistieken
Antwoord % Correct
Ajax Amsterdam
100%
Chelsea Londen
94%
PSV Eindhoven
93%
Feyenoord Rotterdam
89%
Juventus Turijn
89%
AZ Alkmaar
87%
Tottenham Hotspur Londen
80%
Sporting Lissabon
79%
Crystal Palace Londen
77%
Benfica Lissabon
76%
Everton Liverpool
75%
Athletic Club Bilbao
74%
Lazio Rome
74%
Galatasaray Istanbul
71%
West Ham United Londen
71%
Panathinaikos Athene
70%
Anderlecht Brussel
70%
Atalanta Bergamo
64%
Fenerbahce Istanbul
63%
Aston Villa Birmingham
62%
Twente Enschede
60%
Fiorentina Florence
58%
Hertha BSC Berlijn
57%
Celtic Glasgow
54%
Cambuur Leeuwarden
54%
Young Boys Bern
51%
Schalke 04 Gelsenkirchen
42%
Levante Valencia
40%
St.Pauli Hamburg
38%
Olympiakos Piraeus
30%
Telstar Velsen
29%
Trabzonspor Trabzon
27%
Geen overeenkomende quizzen gevonden
Scoreverdeling
Procent van Mensen met Elke Score
Percentiel versus Aantal Correcte Antwoorden
Uw Scoregeschiedenis
U heeft deze quiz nog niet genomen